| 000 -LEADER |
| fixed length control field |
01307nam a2200409Ia 4500 |
| 001 - CONTROL NUMBER |
| control field |
20697 |
| 003 - CONTROL NUMBER IDENTIFIER |
| control field |
GE_BSU |
| 005 - DATE AND TIME OF LATEST TRANSACTION |
| control field |
20210305225300.0 |
| 008 - FIXED-LENGTH DATA ELEMENTS--GENERAL INFORMATION |
| fixed length control field |
181216s2013||||xx |||||||||||||| ||eng|| |
| 020 ## - INTERNATIONAL STANDARD BOOK NUMBER |
| International Standard Book Number |
9780071768016 |
| 040 ## - CATALOGING SOURCE |
| Transcribing agency |
GE_BSU |
| 041 ## - LANGUAGE CODE |
| Language code of text/sound track or separate title |
eng |
| 080 ## - UNIVERSAL DECIMAL CLASSIFICATION NUMBER |
| Universal Decimal Classification number |
616-053.2 N-41 |
| 245 ## - TITLE STATEMENT |
| Title |
NEONATOLOGY : |
| Remainder of title |
MANAGEMENT, PROCEDURE, ON-CALL PROBLEMS, DISEASES AND DRUGS / |
| Statement of responsibility, etc. |
Editor Comella Tricia L. |
| 250 ## - EDITION STATEMENT |
| Edition statement |
Seventh edition |
| 264 ## - PRODUCTION, PUBLICATION, DISTRIBUTION, MANUFACTURE, AND COPYRIGHT NOTICE |
| Place of production, publication, distribution, manufacture |
New York : |
| Name of producer, publisher, distributor, manufacturer |
McGraw hill, |
| Date of production, publication, distribution, manufacture, or copyright notice |
2013. |
| 300 ## - PHYSICAL DESCRIPTION |
| Extent |
1113 p. ; |
| Dimensions |
21cm. |
| 653 ## - INDEX TERM--UNCONTROLLED |
| keyword |
NEONATOLOGY |
| 653 ## - INDEX TERM--UNCONTROLLED |
| keyword |
MANAGEMENT |
| 653 ## - INDEX TERM--UNCONTROLLED |
| keyword |
PROCEDURE |
| 653 ## - INDEX TERM--UNCONTROLLED |
| keyword |
ON-CALL PROBLEMS |
| 653 ## - INDEX TERM--UNCONTROLLED |
| keyword |
DISEASES |
| 653 ## - INDEX TERM--UNCONTROLLED |
| keyword |
DRUGS |
| 653 ## - INDEX TERM--UNCONTROLLED |
| keyword |
НЕОНАТОЛОГИЯ |
| 653 ## - INDEX TERM--UNCONTROLLED |
| keyword |
МЕНЕДЖМЕНТ |
| 653 ## - INDEX TERM--UNCONTROLLED |
| keyword |
ПРОЦЕДУРА |
| 653 ## - INDEX TERM--UNCONTROLLED |
| keyword |
ПРОБЛЕМЫ НА ЗВОНОК |
| 653 ## - INDEX TERM--UNCONTROLLED |
| keyword |
ЗАБОЛЕВАНИЯ И ПРЕПАРАТЫ |
| 653 ## - INDEX TERM--UNCONTROLLED |
| keyword |
ნეონატოლოგია |
| 653 ## - INDEX TERM--UNCONTROLLED |
| keyword |
მენეჯმენტი |
| 653 ## - INDEX TERM--UNCONTROLLED |
| keyword |
პროცედურა |
| 653 ## - INDEX TERM--UNCONTROLLED |
| keyword |
ზურგის პრობლემები |
| 653 ## - INDEX TERM--UNCONTROLLED |
| keyword |
დაავადებები და პრეპარატები |
| 700 ## - ADDED ENTRY--PERSONAL NAME |
| Personal name |
Tricia L., Comella |
| Relator term |
Editor |
| 9 (RLIN) |
10350 |
| 942 ## - ADDED ENTRY ELEMENTS (KOHA) |
| Koha item type |
წიგნი |
| Source of classification or shelving scheme |
|